00402nam a2200145Ia 4500100002300000942000700023654001200030245002800042260004700070082001000117300000800127546001200135999001700147952009200164 aKearton/William J  cBK aTurbine aSteam Turbine Operation bSir ISAAC Pitman & Sons Ltd.aLondonc1954 a621.1 a453 aENGLISH c27542d27542 001040708AFTaCRCEbCRCEd2023-03-17l0o621.1 pAFT1233r2023-03-17w2023-03-17yBK